| 000 | 01172cac a22002531u 4500 | ||
|---|---|---|---|
| 090 | _c868 | ||
| 008 | 081108t2003 xxu||||| |||| 00| 0 eng d | ||
| 010 | _a 2002029295 | ||
| 020 | _a8129702983 | ||
| 020 | _a8129702983 | ||
| 082 | 0 | 0 |
_a004.165 _bT825 |
| 100 | _aTriebel, Walter A. | ||
| 245 | 1 | 4 |
_aThe 8088 and 8086 microprocessors : _bprogramming, interfacing, software, hardware, and applications : including the 80286, 80386, 80486, and Pentium processor families / _cWalter A. Triebel, Avtar Singh. |
| 250 | _a4th ed. | ||
| 260 |
_aNew Delhi : _bPearson Education, _cc2003. |
||
| 300 |
_axiii, 1019 p. : _bill. ; _c25 cm. |
||
| 504 | _aIncludes bibliographical references (p. 965-966) and index. | ||
| 650 | 0 | _aIntel 8088 (Microprocessor) | |
| 650 | 0 | _aIntel 8086 (Microprocessor) | |
| 700 | 0 |
_aAvtar Singh, _d1947 June 2- |
|
| 942 |
_cBB _k004.165T825 _2ddc |
||
| 999 |
_c868 _d868 |
||